Historia Geográfica, Natural y Civil del Reino de Chile
Saved in:
| Hovedforfatter: | |
|---|---|
| Format: | Bog |
| Sprog: | spansk |
| Udgivet: |
Santiago
Imprenta Ercilla
1889
|
| Udgivelse: | 1a. ed |
| Serier: | Colección de Historiadores de Chile y Documentos relativos a la Nistoria Nacional, XIV y XV
|
| Fag: | |
| Tags: |
Tilføj Tag
Ingen Tags, Vær først til at tagge denne postø!
|
MARC
| LEADER | 00000nam a2200000 a 4500 | ||
|---|---|---|---|
| 001 | UCJ3177 | ||
| 003 | CL-VaPUC | ||
| 008 | 070124e18890000CL |||||||||||||||||spa|d | ||
| 082 | 0 | 4 | |a 983 |b GOM |2 21 |
| 100 | 0 | |a Gómez de Vidaurre, Felipe |e author |9 504803 | |
| 245 | 1 | 0 | |a Historia Geográfica, Natural y Civil del Reino de Chile |
| 250 | |a 1a. ed | ||
| 300 | |a 2 v | ||
| 942 | |c BK | ||
| 945 | |d 20070124 00:00:00 |a rinostro | ||
| 260 | |a Santiago |b Imprenta Ercilla |c 1889 | ||
| 500 | |a Contiene una Introducción biográfica y notas por Dn. José T. Medina | ||
| 650 | 0 | |a Historia de Chile |9 265473 | |
| 650 | 7 | |a DESCUBRIMIENTO |2 CL-VaPUC |9 321428 | |
| 650 | 0 | |a Conquista |9 339504 | |
| 650 | 0 | |a Fundación de ciudades |9 396125 | |
| 650 | 0 | |a Guerra de Arauco |9 267618 | |
| 650 | 0 | |a Araucanos |9 314060 | |
| 650 | 0 | |a Etnología |9 258726 | |
| 650 | 0 | |a Recursos naturales |9 255232 | |
| 650 | 7 | |a FAUNA |2 CL-VaPUC |9 349523 | |
| 650 | 0 | |a Minería |9 326008 | |
| 650 | 7 | |a FLORA |2 CL-VaPUC |9 264745 | |
| 650 | 0 | |a Lenguas |9 324269 | |
| 650 | 7 | |a MAPUDUNGUN |2 CL-VaPUC |9 414435 | |
| 650 | 0 | |a Gobernadores |9 323856 | |
| 650 | 7 | |a CRIOLLOS |2 CL-VaPUC |9 373432 | |
| 650 | 0 | |a Iglesia Católica |9 256114 | |
| 650 | 0 | |a Misioneros |9 324171 | |
| 650 | 7 | |a INSTITUCIONES COLONIALES |2 CL-VaPUC |9 389426 | |
| 650 | 0 | |a Gobierno colonial |9 353437 | |
| 651 | 0 | |a Santiago |9 265444 | |
| 583 | |a last modification |c 20070124 00:00:00 |k Rodrigo Vera | ||
| 490 | 0 | |a Colección de Historiadores de Chile y Documentos relativos a la Nistoria Nacional, XIV y XV | |
| 999 | |c 319299 |d 319297 | ||
| 952 | |0 0 |1 0 |4 0 |6 983_000000000000000_GOM_1889 |7 0 |8 X |9 397591 |a FDOBUD |b FDOBUD |d 2019-11-22 |h v.1 |i 1000136 |o 983 GOM 1889 |p 1000136 |r 2019-11-22 |w 2019-11-22 |y BK_X |k BUD | ||
| 952 | |0 0 |1 0 |4 0 |6 983_000000000000000_GOM_1889 |7 0 |8 X |9 397592 |a FDOBUD |b FDOBUD |d 2019-11-22 |h v.2 |i 1000144 |o 983 GOM 1889 |p 1000144 |r 2019-11-22 |w 2019-11-22 |y BK_X |k BUD | ||